|
|
|
|
| LEADER |
01082nam a2200325 a 4500 |
| 001 |
000603199 |
| 003 |
CZ BrMZK |
| 005 |
20060530111116.0 |
| 007 |
ta |
| 008 |
020529s1989 xr er|||||||||||cze d |
| 015 |
|
|
|a cnb000049520
|
| 035 |
|
|
|a (OCoLC)39420294
|
| 040 |
|
|
|a ABA001
|b cze
|d BOA001
|
| 080 |
9 |
|
|a 681.3-181.4
|
| 080 |
9 |
|
|a 621.382.049.77
|
| 100 |
1 |
|
|a Kovářová, Irena,
|c programátorka
|4 aut
|
| 245 |
1 |
0 |
|a Základní instrukce mikroprocesoru 8086 /
|c Irena Kovářová
|
| 250 |
|
|
|a 2. vyd.
|
| 260 |
|
|
|a Praha :
|b Státní nakladatelství technické literatury,
|c 1989
|
| 300 |
|
|
|a 284 s. :
|b tb., schémata ;
|c 20 cm
|
| 490 |
1 |
|
|a Operační systémy DOS ;
|v 4
|
| 504 |
|
|
|a Obsahuje bibliografii
|
| 500 |
|
|
|a Vydavatel: Tesla Eltos
|
| 710 |
2 |
|
|a Tesla Eltos (firma).
|b Institut mikroelektronických aplikací
|7 kn20050422002
|
| 830 |
|
0 |
|a Operační systémy DOS
|
| 910 |
|
|
|a BOA001
|b 2-0947.344
|
| 964 |
|
|
|a Mikroprocesory 8086
|
| 990 |
|
|
|a BK
|
| 995 |
|
|
|a 01
|
| 996 |
6 |
|
|b 2619339363
|c 2-0947.344
|l MZK
|r Sklad / do 1 hodiny
|n 0
|w 001037220
|u 000020
|a 1
|e BOA001
|j MZK50
|s P
|